[Event "Titled Tuesday 2022.05.17 Early"]
[Site "chess.com INT"]
[Date "2022.05.17"]
[Round "6"]
[White "Hambleton, Aman"]
[Black "Lauridsen, JM."]
[Result "1-0"]
[WhiteElo "2454"]
[BlackElo "2221"]
[PlyCount "49"]
[EventDate "2022.05.17"]
[EventType "swiss (blitz)"]
[EventRounds "11"]
[EventCountry "NET"]
[Source "Mark Crowther"]
[SourceDate "2022.05.23"]

1. d4 d5 2. Bf4 e6 3. e3 Bd6 4. Nd2 Bxf4 5. exf4 Nf6 6. Ngf3 O-O 7. Bd3 c5 8.
dxc5 Nbd7 9. Nb3 Nxc5 10. Nxc5 Qa5+ 11. Qd2 Qxc5 12. O-O b6 13. Rfe1 Bb7 14. c3
Ne4 15. Qe2 Rad8 16. Rad1 Rfe8 17. Nd4 g6 18. f3 Nd6 19. Qf2 Nf5 20. Bxf5 gxf5
21. Re3 Kh8 22. Rde1 Rg8 23. Qh4 Qf8 24. Rxe6 fxe6 25. Nxe6 1-0

[Event "Titled Tuesday 2022.05.17 Early"]
[Site "chess.com INT"]
[Date "2022.05.17"]
[Round "7"]
[White "Shuvalov, E."]
[Black "Hambleton, Aman"]
[Result "0-1"]
[WhiteElo "2182"]
[BlackElo "2454"]
[PlyCount "136"]
[EventDate "2022.05.17"]
[EventType "swiss (blitz)"]
[EventRounds "11"]
[EventCountry "NET"]
[Source "Mark Crowther"]
[SourceDate "2022.05.23"]

1. Nf3 d5 2. c4 c6 3. g3 Nf6 4. Bg2 Bf5 5. cxd5 Bxb1 6. Rxb1 cxd5 7. Qb3 Qc7 8.
d3 Nc6 9. Bf4 Qd7 10. O-O e6 11. Rfc1 Be7 12. Ne5 Nxe5 13. Bxe5 Bd8 14. Qa3 Be7
15. Qb3 a6 16. Rc7 Qb5 17. Rxb7 Qxb3 18. Rxb3 O-O 19. Rc1 Rfc8 20. Rxc8+ Rxc8
21. Rb8 Rxb8 22. Bxb8 Nd7 23. Bc7 Kf8 24. e4 dxe4 25. dxe4 Bc5 26. Bf1 Bd4 27.
b4 Bc3 28. Bd6+ Ke8 29. Bxa6 Be5 30. Bxe5 Nxe5 31. Bb5+ Kd8 32. Kg2 f6 33. a4
Nf7 34. a5 Nd6 35. Bd3 Kc7 36. Kf3 e5 37. Ke3 Nb7 38. a6 Nd6 39. Kd2 Kb6 40.
Kc3 g5 41. b5 h6 42. Kb4 Ne8 43. Bc4 Nd6 44. Bd3 Ne8 45. f3 Nd6 46. a7 Kxa7 47.
Kc5 Nb7+ 48. Kc6 Kb8 49. Kd7 Nc5+ 50. Ke7 Nxd3 51. Kxf6 Kc7 52. g4 Kb6 53. Kg6
Ne1 54. Kxh6 Nxf3 55. Kh5 Kxb5 56. h4 gxh4 57. g5 Nxg5 58. Kg4 Nxe4 59. Kxh4
Nd6 60. Kg4 Kc5 61. Kf3 Kd5 62. Ke3 e4 63. Ke2 Kd4 64. Ke1 Nb7 65. Ke2 e3 66.
Kf3 Kd3 67. Kg2 Kd2 68. Kf3 e2 0-1

[Event "Titled Tuesday 2022.05.17 Early"]
[Site "chess.com INT"]
[Date "2022.05.17"]
[Round "8"]
[White "Hambleton, Aman"]
[Black "Cunha, Lucas Aguiar"]
[Result "1-0"]
[WhiteElo "2454"]
[BlackElo "2328"]
[PlyCount "135"]
[EventDate "2022.05.17"]
[EventType "swiss (blitz)"]
[EventRounds "11"]
[EventCountry "NET"]
[Source "Mark Crowther"]
[SourceDate "2022.05.23"]

1. d4 Nf6 2. Bf4 d5 3. e3 c5 4. c3 Nc6 5. Nd2 Qb6 6. Qb3 c4 7. Qc2 Bf5 8. Qxf5
Qxb2 9. Qb1 Qxc3 10. Ne2 Qb4 11. a3 Qxb1+ 12. Rxb1 b6 13. Nc3 e6 14. Ra1 h6 15.
Be2 g5 16. Bg3 Kd7 17. O-O a6 18. Na4 Ra7 19. Nxb6+ Ke8 20. Rfb1 c3 21. Nb3 Ne4
22. Na4 h5 23. h3 Nxg3 24. fxg3 Bd6 25. Kf2 h4 26. gxh4 gxh4 27. Nxc3 Rh6 28.
Bf3 Ne7 29. Nc5 Nf5 30. N3a4 Bg3+ 31. Ke2 Bc7 32. Kd2 Bg3 33. Kd1 Nxe3+ 34. Ke2
Nf5 35. Nb3 Bf4 36. Rd1 Rc7 37. Ra2 Ke7 38. Nac5 Rc6 39. a4 Rh8 40. a5 Rb8 41.
Ra4 Bd6 42. Kf2 Bg3+ 43. Kg1 Bf4 44. Be2 Be3+ 45. Kf1 Ng3+ 46. Ke1 f6 47. Bxa6
e5 48. dxe5 fxe5 49. Rxd5 Bf4 50. Kd1 Nf5 51. Ke1 Ne3 52. Rd3 Nc2+ 53. Kf2 Nb4
54. Rd7+ Ke8 55. Ra7 Nxa6 56. Rxa6 Rxa6 57. Nxa6 Rxb3 58. Nc5 Be3+ 59. Ke2 Bxc5
60. a6 Ba7 61. Rxh4 Ra3 62. Rh8+ Kd7 63. Rh7+ Kc6 64. Rxa7 Ra2+ 65. Kf3 Kb6 66.
Ra8 Ra4 67. g3 Rb4 68. Rb8+ 1-0

[Event "Titled Tuesday 2022.05.17 Early"]
[Site "chess.com INT"]
[Date "2022.05.17"]
[Round "10"]
[White "Risteski, Emil"]
[Black "Hambleton, Aman"]
[Result "1-0"]
[WhiteElo "2391"]
[BlackElo "2454"]
[PlyCount "97"]
[EventDate "2022.05.17"]
[EventType "swiss (blitz)"]
[EventRounds "11"]
[EventCountry "NET"]
[Source "Mark Crowther"]
[SourceDate "2022.05.23"]

1. e4 c5 2. Be2 e5 3. Nc3 Nc6 4. Bc4 d6 5. d3 Be7 6. f4 Nf6 7. Nf3 O-O 8. fxe5
Nxe5 9. Nxe5 dxe5 10. O-O Ne8 11. Qf3 Nd6 12. Bd5 Bg5 13. Qg3 Bxc1 14. Raxc1
Qe7 15. Rf3 Kh8 16. Rcf1 f6 17. Qh4 Be6 18. Bxe6 Qxe6 19. Nd5 c4 20. Nc7 Qe7
21. Nxa8 Rxa8 22. Rh3 h6 23. Qf2 cxd3 24. cxd3 Nb5 25. Rc1 Nd4 26. Re3 Rd8 27.
Ree1 Nc6 28. Rc3 Rd4 29. a3 Qd7 30. Qe3 a6 31. Rec1 Kg8 32. h3 Qd8 33. b4 Qd7
34. R1c2 Rd6 35. Rc1 Rd4 36. Kh2 Kh7 37. Qf3 Kg8 38. Qg3 Kh7 39. R1c2 Qd6 40.
Qf3 Kg8 41. Qf5 Qe7 42. Rxc6 bxc6 43. Rxc6 Rd8 44. Rxa6 Qb7 45. Re6 Rxd3 46.
Qg6 Rd8 47. Rxf6 Qa7 48. Re6 Qxa3 49. Re7 1-0

[Event "Titled Tuesday 2022.05.17 Early"]
[Site "chess.com INT"]
[Date "2022.05.17"]
[Round "11"]
[White "Hambleton, Aman"]
[Black "Stepanencu, Nicodim-Cosmin"]
[Result "0-1"]
[WhiteElo "2454"]
[BlackElo "2235"]
[PlyCount "96"]
[EventDate "2022.05.17"]
[EventType "swiss (blitz)"]
[EventRounds "11"]
[EventCountry "NET"]
[Source "Mark Crowther"]
[SourceDate "2022.05.23"]

1. d4 d5 2. Bf4 Nf6 3. e3 c5 4. c3 cxd4 5. exd4 Nc6 6. Nd2 Bf5 7. Qb3 Qd7 8.
Ngf3 a6 9. Ne5 Nxe5 10. dxe5 Ne4 11. Nxe4 Bxe4 12. f3 Bg6 13. Rd1 e6 14. c4 d4
15. Bd3 Bc5 16. O-O Qc6 17. Bxg6 hxg6 18. Qd3 Ba7 19. b4 O-O-O 20. h3 Kb8 21.
Rf2 Rc8 22. Rc2 Rhd8 23. Kh2 Ka8 24. a3 Qa4 25. Bg3 g5 26. Be1 Bb8 27. Bg3 Rd5
28. Re2 Rd7 29. Rdd2 b6 30. Re4 Rcd8 31. Qe2 Qxa3 32. Rd3 Qxb4 33. Be1 Qc5 34.
Qc2 Bxe5+ 35. Kg1 Bf4 36. Bf2 e5 37. g3 f5 38. Re2 Be3 39. Bxe3 dxe3 40. Rxd7
Rxd7 41. Qxf5 Rd1+ 42. Kg2 Qxc4 43. Qf8+ Kb7 44. Qe7+ Kc6 45. Qe8+ Kc5 46. Qe7+
Kb5 47. Rb2+ Ka4 48. Qe8+ b5 0-1

[Event "Titled Tuesday 2022.05.10 Early"]
[Site "chess.com INT"]
[Date "2022.05.10"]
[Round "4"]
[White "Fier, A."]
[Black "Hambleton, Aman"]
[Result "1-0"]
[WhiteElo "2567"]
[BlackElo "2454"]
[PlyCount "103"]
[EventDate "2022.05.10"]
[EventType "swiss (blitz)"]
[EventRounds "11"]
[EventCountry "NET"]
[Source "Mark Crowther"]
[SourceDate "2022.05.16"]

1. d4 Nf6 2. c4 e6 3. Nc3 Bb4 4. e3 b6 5. Nge2 Bb7 6. Ng3 O-O 7. Bd3 Re8 8. O-O
Bf8 9. e4 d6 10. f4 e5 11. fxe5 dxe5 12. d5 Nbd7 13. Bg5 h6 14. Be3 g6 15. Qd2
Ng4 16. Kh1 Nxe3 17. Qxe3 Qe7 18. Rf3 Bg7 19. Raf1 Rf8 20. Qf2 a5 21. Nb5 Rac8
22. Na7 Rce8 23. Nb5 Nc5 24. Bc2 Bc8 25. h3 h5 26. Ne2 Rd8 27. b3 Nb7 28. Nec3
Bh6 29. Na7 Bd7 30. Ncb5 Bxb5 31. Nxb5 Nd6 32. Na7 Rde8 33. Nc6 Qg5 34. Rd1 Bg7
35. Rf1 h4 36. Bd3 Bh6 37. a3 Kg7 38. b4 axb4 39. axb4 f5 40. c5 bxc5 41. bxc5
fxe4 42. Rxf8 Nf5 43. Rxe8 Ng3+ 44. Kh2 Nxf1+ 45. Qxf1 Qf4+ 46. Qxf4 Bxf4+ 47.
Kg1 exd3 48. Kf1 Kf7 49. Rxe5 Bxe5 50. Nxe5+ Kf6 51. Nxd3 Kf5 52. Ke2 1-0

[Event "Titled Tuesday 2022.04.05 Late"]
[Site "chess.com INT"]
[Date "2022.04.05"]
[Round "7"]
[White "Hambleton, Aman"]
[Black "Piesik, P."]
[Result "1-0"]
[WhiteElo "2454"]
[BlackElo "2431"]
[PlyCount "77"]
[EventDate "2022.04.05"]
[EventType "swiss (blitz)"]
[EventRounds "11"]
[EventCountry "NET"]
[Source "Mark Crowther"]
[SourceDate "2022.04.11"]

1. d4 c5 2. d5 e5 3. c4 d6 4. Nc3 Be7 5. g3 Bg5 6. e3 f5 7. f4 Bf6 8. Qc2 Nh6
9. Nh3 Nf7 10. Bd3 e4 11. Be2 Nd7 12. Nf2 g5 13. g4 gxf4 14. exf4 Bd4 15. gxf5
Qh4 16. Ncxe4 Nf6 17. Ng3 Rg8 18. Qd3 Nh6 19. Be3 Bxe3 20. Qxe3+ Kf7 21. O-O-O
Nxf5 22. Nxf5 Bxf5 23. Bd3 Rae8 24. Qf3 Bxd3 25. Rxd3 Qh5 26. Qxh5+ Nxh5 27.
Rh3 Nf6 28. Rf1 Re2 29. Rb3 b6 30. Kd1 Re7 31. Rg3 Rg6 32. Rfg1 Nh5 33. Rg5
Nxf4 34. Rf5+ Rf6 35. Rxf6+ Kxf6 36. Ng4+ Kf5 37. Nh6+ Ke5 38. Re1+ Kf6 39.
Ng8+ 1-0

[Event "Titled Tuesday 2022.03.08 Early"]
[Site "chess.com INT"]
[Date "2022.03.08"]
[Round "1"]
[White "Hambleton, Aman"]
[Black "Tarasova, Viktoriy"]
[Result "1-0"]
[WhiteElo "2454"]
[BlackElo "2226"]
[PlyCount "67"]
[EventDate "2022.03.08"]
[EventType "swiss (blitz)"]
[EventRounds "11"]
[EventCountry "NET"]
[Source "Mark Crowther"]
[SourceDate "2022.03.14"]

1. d4 Nf6 2. c4 e6 3. Nc3 Bb4 4. e3 O-O 5. Nge2 d5 6. a3 Bd6 7. c5 Be7 8. b4 b6
9. Nf4 a5 10. Rb1 axb4 11. axb4 c6 12. Bd2 Ba6 13. Bxa6 Nxa6 14. O-O bxc5 15.
bxc5 Nc7 16. Rb6 Qd7 17. Nd3 Qe8 18. Nb4 Rb8 19. Rxb8 Qxb8 20. Nxc6 Qe8 21. Qa4
Ne4 22. Nxe7+ Qxe7 23. Qc2 f5 24. Be1 Rf6 25. f3 Nxc3 26. Qxc3 Rg6 27. Bg3 h5
28. Rb1 h4 29. Bf4 Ne8 30. c6 h3 31. g3 e5 32. Bxe5 f4 33. exf4 Nc7 34. Rb7 1-0

[Event "Titled Tuesday 2022.03.08 Early"]
[Site "chess.com INT"]
[Date "2022.03.08"]
[Round "5"]
[White "Odegov, Artem"]
[Black "Hambleton, Aman"]
[Result "1-0"]
[WhiteElo "2286"]
[BlackElo "2454"]
[PlyCount "129"]
[EventDate "2022.03.08"]
[EventType "swiss (blitz)"]
[EventRounds "11"]
[EventCountry "NET"]
[Source "Mark Crowther"]
[SourceDate "2022.03.14"]

1. d4 Nf6 2. c4 e6 3. Nf3 b6 4. g3 Ba6 5. b3 Bb4+ 6. Bd2 c5 7. Bxb4 cxb4 8. Bg2
Bb7 9. O-O a5 10. Nbd2 d6 11. Qc2 Nbd7 12. e4 e5 13. Rad1 O-O 14. Rfe1 Re8 15.
c5 bxc5 16. dxe5 dxe5 17. Nc4 Qc7 18. Nd6 Red8 19. Ng5 Rf8 20. Bh3 Nb6 21.
Ngxf7 Rxf7 22. Be6 Raf8 23. Rd2 Bc8 24. Bxf7+ Rxf7 25. Nxf7 Kxf7 26. Rc1 c4 27.
bxc4 Qc5 28. Qd3 Be6 29. Qd6 Qxd6 30. Rxd6 Na4 31. Ra6 Nc3 32. Rc2 Nfxe4 33.
Rxa5 Bxc4 34. Rxe5 Nxa2 35. Rxe4 b3 36. Rexc4 bxc2 37. Rxc2 Nb4 38. Rc7+ Kf6
39. Rb7 Nd5 40. Kg2 Nc3 41. Rb3 Ne4 42. Rb4 Nc5 43. Rb6+ Kf7 44. Rb5 Nd3 45.
Rd5 Nb4 46. Rd4 Nc6 47. Ra4 Ne5 48. f4 Nd3 49. Kf3 Nc5 50. Ra7+ Kf6 51. g4 h6
52. h4 Nb3 53. Ra6+ Kf7 54. f5 Nd4+ 55. Ke4 Nb3 56. Rb6 Nc5+ 57. Kd5 Nd3 58. g5
hxg5 59. hxg5 Nf4+ 60. Ke4 Ne2 61. Rb7+ Kf8 62. Ke5 Nc3 63. Ke6 Kg8 64. g6 Ne4
65. Rb8# 1-0

[Event "Titled Tuesday 2021.11.23"]
[Site "chess.com INT"]
[Date "2021.11.23"]
[Round "1"]
[White "Hambleton, Aman"]
[Black "Remolar Gallen, J."]
[Result "0-1"]
[WhiteElo "2454"]
[BlackElo "2292"]
[PlyCount "106"]
[EventDate "2021.11.23"]
[EventType "swiss (blitz)"]
[EventRounds "11"]
[EventCountry "NET"]
[Source "Mark Crowther"]
[SourceDate "2021.11.29"]

1. d4 Nf6 2. c4 g6 3. Nc3 Bg7 4. e4 d6 5. Bd3 O-O 6. Nge2 e5 7. d5 a5 8. h3 h5
9. Be3 Na6 10. Qd2 Nc5 11. Bc2 c6 12. dxc6 bxc6 13. O-O-O Nb7 14. c5 dxc5 15.
Qxd8 Rxd8 16. Rxd8+ Nxd8 17. Bxc5 Ne6 18. Be3 Ba6 19. Rd1 Bf8 20. Bd3 Bxd3 21.
Rxd3 Nc5 22. Bxc5 Bxc5 23. f3 Kf8 24. Kc2 Ke7 25. Na4 Bd6 26. Nb6 Rb8 27. Nc4
Bc7 28. Rb3 Rb5 29. a4 Rxb3 30. Kxb3 Nd7 31. Kc3 Nc5 32. b3 h4 33. Nc1 f5 34.
Nd3 Nxd3 35. Kxd3 Kf6 36. Ke3 Kg5 37. f4+ exf4+ 38. Kf3 Kf6 39. Nb2 g5 40. exf5
Kxf5 41. Nd3 Bd6 42. Nb2 Be5 43. Nd3 Bc7 44. b4 axb4 45. Nxb4 c5 46. Nd3 c4 47.
Nb4 Ba5 48. Nd5 c3 49. Ke2 Ke4 50. Nf6+ Kd4 51. Kd1 Kd3 52. Kc1 c2 53. Ne4 Kxe4
0-1

[Event "Titled Tuesday 2021.11.23"]
[Site "chess.com INT"]
[Date "2021.11.23"]
[Round "2"]
[White "Kiltti, J."]
[Black "Hambleton, Aman"]
[Result "0-1"]
[WhiteElo "2199"]
[BlackElo "2454"]
[PlyCount "56"]
[EventDate "2021.11.23"]
[EventType "swiss (blitz)"]
[EventRounds "11"]
[EventCountry "NET"]
[Source "Mark Crowther"]
[SourceDate "2021.11.29"]

1. Nc3 d5 2. f4 c6 3. Nf3 Nh6 4. e4 g6 5. h4 Bg4 6. exd5 cxd5 7. Ne5 Bxd1 8.
Bb5+ Nd7 9. Bxd7+ Qxd7 10. Nxd7 Kxd7 11. Nxd1 e6 12. Ne3 Bc5 13. c3 Bxe3 14.
dxe3 Nf5 15. g4 Ng3 16. Rh3 Ne4 17. h5 gxh5 18. Rxh5 Rag8 19. g5 f6 20. gxf6
Rg1+ 21. Ke2 Rhg8 22. Rxh7+ Kd6 23. Rh2 Nxf6 24. b3 Kc6 25. Rh6 Ne4 26. Rxe6+
Kd7 27. Rxe4 dxe4 28. Kd2 R8g2# 0-1

[Event "Titled Tuesday 2021.11.23"]
[Site "chess.com INT"]
[Date "2021.11.23"]
[Round "3"]
[White "Hambleton, Aman"]
[Black "Stankovic, Iv"]
[Result "1-0"]
[WhiteElo "2454"]
[BlackElo "2255"]
[PlyCount "83"]
[EventDate "2021.11.23"]
[EventType "swiss (blitz)"]
[EventRounds "11"]
[EventCountry "NET"]
[Source "Mark Crowther"]
[SourceDate "2021.11.29"]

1. d4 d5 2. Bf4 Nf6 3. e3 c5 4. c3 Nc6 5. Nd2 Qb6 6. Qb3 c4 7. Qc2 Nh5 8. Bg5
h6 9. Bh4 g5 10. Be2 gxh4 11. Bxh5 e5 12. Ne2 Be6 13. Nf3 h3 14. g4 Bd6 15. Ng3
e4 16. Nh4 Bxg3 17. fxg3 O-O-O 18. O-O Qc7 19. Rf4 Ne7 20. Bxf7 Bxf7 21. Rxf7
Rd7 22. Raf1 b6 23. R1f2 Rg8 24. Qd1 h5 25. gxh5 Rxg3+ 26. hxg3 Qxg3+ 27. Kh1
Qxh4 28. R7f4 Qg3 29. Qe2 Rd8 30. Rg4 Qd6 31. Rf7 Qe6 32. Rgg7 Rd7 33. Qf2 Kc7
34. Kh2 Qd6+ 35. Qg3 Qxg3+ 36. Rxg3 b5 37. Rgg7 b4 38. Kxh3 bxc3 39. bxc3 Kd6
40. h6 Nf5 41. Rxf5 Rd8 42. Rf6# 1-0

[Event "Titled Tuesday 2021.11.23"]
[Site "chess.com INT"]
[Date "2021.11.23"]
[Round "4"]
[White "Poormosavi, Seyed Kian"]
[Black "Hambleton, Aman"]
[Result "0-1"]
[WhiteElo "2297"]
[BlackElo "2454"]
[PlyCount "68"]
[EventDate "2021.11.23"]
[EventType "swiss (blitz)"]
[EventRounds "11"]
[EventCountry "NET"]
[Source "Mark Crowther"]
[SourceDate "2021.11.29"]

1. d4 Nf6 2. c4 e6 3. Nc3 Bb4 4. e3 O-O 5. Nge2 Re8 6. a3 Bf8 7. Ng3 d5 8. cxd5
exd5 9. Bd3 g6 10. O-O a5 11. Rb1 Na6 12. e4 dxe4 13. Ngxe4 Nxe4 14. Bxe4 Bg7
15. Be3 c6 16. b4 axb4 17. axb4 Nc7 18. Qd3 Ra3 19. Ra1 Rxc3 20. Qxc3 Rxe4 21.
Qc5 Re8 22. Rfb1 h5 23. h3 Bf5 24. Rc1 Bf8 25. Qb6 Bc8 26. Bd2 Nd5 27. Qa7 Nxb4
28. Bxb4 Bxb4 29. Qa8 Bd6 30. Rd1 Kg7 31. d5 cxd5 32. Ra5 Bc7 33. Raxd5 Qxd5
34. Rxd5 Re1# 0-1

[Event "Titled Tuesday 2021.11.23"]
[Site "chess.com INT"]
[Date "2021.11.23"]
[Round "5"]
[White "Hambleton, Aman"]
[Black "Jeet, J."]
[Result "0-1"]
[WhiteElo "2454"]
[BlackElo "2279"]
[PlyCount "72"]
[EventDate "2021.11.23"]
[EventType "swiss (blitz)"]
[EventRounds "11"]
[EventCountry "NET"]
[Source "Mark Crowther"]
[SourceDate "2021.11.29"]

1. d4 d5 2. Bf4 Nf6 3. e3 e6 4. Nd2 c5 5. c3 Nc6 6. Ngf3 Bd6 7. Bg3 O-O 8. Bd3
b6 9. e4 Be7 10. e5 Nh5 11. Ng5 Bxg5 12. Qxh5 g6 13. Qe2 cxd4 14. h4 Be7 15. h5
dxc3 16. bxc3 d4 17. hxg6 hxg6 18. Nf3 Kg7 19. O-O-O Bb7 20. Nh4 Rh8 21. Nxg6
fxg6 22. Qg4 Bg5+ 23. f4 Nxe5 24. Qxe6 Nxd3+ 25. Kb1 Qd5 26. Qxd5 Bxd5 27. fxg5
Rxh1 28. Rxh1 dxc3 29. Kc2 Be4 30. Kxc3 Rc8+ 31. Kd4 Bf5 32. Ke3 Re8+ 33. Kd2
Nb4 34. a3 Nc6 35. Bf2 Ne5 36. Bd4 Kf7 0-1

[Event "Titled Tuesday 2021.11.23"]
[Site "chess.com INT"]
[Date "2021.11.23"]
[Round "6"]
[White "Sokolovsky, Yahli"]
[Black "Hambleton, Aman"]
[Result "1/2-1/2"]
[WhiteElo "2397"]
[BlackElo "2454"]
[PlyCount "115"]
[EventDate "2021.11.23"]
[EventType "swiss (blitz)"]
[EventRounds "11"]
[EventCountry "NET"]
[Source "Mark Crowther"]
[SourceDate "2021.11.29"]

1. b3 e5 2. Bb2 Nc6 3. e3 Nf6 4. Nf3 d6 5. c4 g6 6. Nc3 Bg7 7. d4 exd4 8. Nxd4
Nxd4 9. Qxd4 O-O 10. Be2 Re8 11. Nd5 Nh5 12. Qd2 c6 13. Nc3 Nf6 14. Rd1 Qa5 15.
O-O Rd8 16. Bf3 Be6 17. Qd4 Qe5 18. Ne2 Qxd4 19. Nxd4 Kf8 20. Rd2 Ke7 21. Rfd1
Ne8 22. Ba3 Rac8 23. Kf1 a6 24. Ke2 h5 25. g3 h4 26. Nxe6 fxe6 27. Be4 hxg3 28.
hxg3 g5 29. Rh1 Nf6 30. Bc2 Bf8 31. f4 gxf4 32. exf4 Kf7 33. Rg1 d5 34. g4 Bxa3
35. g5 Nd7 36. Kf3 Bb4 37. Rh2 Rh8 38. g6+ Kg7 39. Rh7+ Rxh7 40. gxh7+ Kh8 41.
Rg6 Re8 42. cxd5 cxd5 43. Ke2 Bc3 44. Rg3 Bg7 45. Bg6 Rc8 46. Bf7 Nf6 47. Bxe6
Re8 48. f5 Kxh7 49. Rh3+ Bh6 50. Rd3 Re7 51. Kf3 Kg7 52. Rc3 Bg5 53. Rc2 d4 54.
Rg2 Kh6 55. Rh2+ Kg7 56. Rg2 Kh6 57. Rh2+ Kg7 58. Rg2 1/2-1/2

[Event "Titled Tuesday 2021.11.23"]
[Site "chess.com INT"]
[Date "2021.11.23"]
[Round "7"]
[White "Romanchuk, V."]
[Black "Hambleton, Aman"]
[Result "1/2-1/2"]
[WhiteElo "2266"]
[BlackElo "2454"]
[PlyCount "132"]
[EventDate "2021.11.23"]
[EventType "swiss (blitz)"]
[EventRounds "11"]
[EventCountry "NET"]
[Source "Mark Crowther"]
[SourceDate "2021.11.29"]

1. d4 Nf6 2. c4 e6 3. Nc3 Bb4 4. e3 O-O 5. Nge2 Re8 6. a3 Bf8 7. Ng3 d5 8. Be2
dxc4 9. O-O c5 10. dxc5 Bxc5 11. Bxc4 a6 12. b4 Be7 13. Bb2 b5 14. Bb3 Bb7 15.
Qe2 Nbd7 16. Rfd1 Rc8 17. Nh5 Qb6 18. Rac1 Red8 19. Nxf6+ Nxf6 20. Rxd8+ Rxd8
21. Rd1 Rc8 22. h3 h6 23. Qf1 Qc6 24. Ne2 Qe4 25. Rd4 Qc6 26. Rd1 Qc7 27. Rc1
Qb8 28. Rxc8+ Qxc8 29. Qc1 Qd7 30. Bd4 Ne4 31. f3 Nd6 32. Bc5 Qc7 33. Qd2 Nf5
34. Bxe7 Nxe7 35. Qc3 Qd6 36. Qd4 Qc7 37. Qc3 Qd7 38. Kf2 Bd5 39. Bxd5 Nxd5 40.
Qc5 h5 41. h4 Nf6 42. Nd4 Qb7 43. Qc6 Qb8 44. Qxa6 Qh2 45. Qxb5 Qxh4+ 46. Ke2
Qh2 47. Kf2 Qh4+ 48. Kg1 Qe1+ 49. Kh2 Qh4+ 50. Kg1 Qe1+ 51. Kh2 Qxe3 52. Qb8+
Kh7 53. Nc6 h4 54. Qe5 Qf2 55. Qf4 Nd5 56. Qe4+ f5 57. Qxe6 Qg3+ 58. Kh1 Nf4
59. Qxf5+ g6 60. Qf7+ Kh6 61. Qf8+ Kh5 62. Qh8+ Kg5 63. Qe5+ Kh6 64. Qh8+ Kg5
65. Qe5+ Kh6 66. Qh8+ Kg5 1/2-1/2

[Event "Titled Tuesday 2021.11.23"]
[Site "chess.com INT"]
[Date "2021.11.23"]
[Round "8"]
[White "Hambleton, Aman"]
[Black "Adewumi, Tanitoluwa"]
[Result "1-0"]
[WhiteElo "2454"]
[BlackElo "2121"]
[PlyCount "69"]
[EventDate "2021.11.23"]
[EventType "swiss (blitz)"]
[EventRounds "11"]
[EventCountry "NET"]
[Source "Mark Crowther"]
[SourceDate "2021.11.29"]

1. d4 Nf6 2. Bf4 d6 3. e3 g6 4. h3 Bg7 5. Nf3 O-O 6. Bh2 a5 7. a4 b6 8. c3 Bb7
9. Bd3 Nbd7 10. O-O e5 11. Be2 Re8 12. Re1 Ne4 13. Nfd2 Nxd2 14. Nxd2 Qe7 15.
Bf1 Rad8 16. Nc4 Nf6 17. Qb3 Ne4 18. Nxa5 Nd2 19. Qc2 Ba8 20. Qxd2 bxa5 21. Bb5
Rf8 22. Rad1 Qg5 23. Bf1 f5 24. dxe5 dxe5 25. Qe2 h5 26. Qc4+ Kh7 27. Qxc7 f4
28. Rxd8 Rxd8 29. exf4 exf4 30. Re7 Qf6 31. Rxg7+ Qxg7 32. Qxd8 Qb7 33. Bxf4
Kg7 34. Be5+ Kh6 35. h4 1-0

[Event "Titled Tuesday 2021.11.23"]
[Site "chess.com INT"]
[Date "2021.11.23"]
[Round "9"]
[White "Nozdrachev, L."]
[Black "Hambleton, Aman"]
[Result "0-1"]
[WhiteElo "2370"]
[BlackElo "2454"]
[PlyCount "100"]
[EventDate "2021.11.23"]
[EventType "swiss (blitz)"]
[EventRounds "11"]
[EventCountry "NET"]
[Source "Mark Crowther"]
[SourceDate "2021.11.29"]

1. e4 e5 2. Nf3 Nc6 3. d4 exd4 4. Nxd4 Bc5 5. Be3 Qf6 6. Nb5 Bxe3 7. fxe3 Qd8
8. Qg4 g6 9. Qf4 d6 10. Bc4 Ne5 11. O-O f6 12. Bb3 a6 13. Nd4 Qe7 14. Nc3 c6
15. Rad1 Bg4 16. Rd2 Rd8 17. Bxg8 Rxg8 18. Qxf6 Qxf6 19. Rxf6 Ke7 20. Rf4 Bc8
21. Nf3 Nc4 22. Rf2 Rgf8 23. Ng5 Rxf4 24. exf4 h6 25. Nf3 Nxb2 26. Nd2 b5 27.
g4 Bxg4 28. Rg2 Bh5 29. Rg3 Rf8 30. e5 Rxf4 31. exd6+ Kxd6 32. Nce4+ Kc7 33.
Nc5 Kb6 34. Nd7+ Kc7 35. Nc5 Kb6 36. Nd7+ Ka7 37. Re3 Rd4 38. Re7 Rxd2 39. Nc5+
Kb6 40. Nd7+ Ka5 41. Nc5 Rxc2 42. Nb3+ Kb4 43. Ra7 Nc4 44. Rxa6 Bf3 45. Nd4
Rc1+ 46. Kf2 Bd5 47. a3+ Nxa3 48. Ne2 Rc2 49. Ke3 Nc4+ 50. Kd3 Rd2# 0-1

[Event "Titled Tuesday 2021.11.23"]
[Site "chess.com INT"]
[Date "2021.11.23"]
[Round "10"]
[White "Hambleton, Aman"]
[Black "Fischer, Daniel"]
[Result "0-1"]
[WhiteElo "2454"]
[BlackElo "2273"]
[PlyCount "80"]
[EventDate "2021.11.23"]
[EventType "swiss (blitz)"]
[EventRounds "11"]
[EventCountry "NET"]
[Source "Mark Crowther"]
[SourceDate "2021.11.29"]

1. d4 Nf6 2. c4 e6 3. Nc3 Bb4 4. e3 O-O 5. Nge2 Re8 6. a3 Bf8 7. d5 d6 8. g3 a5
9. Bg2 e5 10. e4 Nbd7 11. O-O g6 12. h3 Bg7 13. Rb1 Nb6 14. Qd3 a4 15. Be3 Nfd7
16. Na2 Nc5 17. Qc2 Bd7 18. Rbd1 h6 19. Kh2 f5 20. f3 Kh7 21. Nb4 Nb3 22. Nc1
Nc5 23. Ncd3 Nb3 24. c5 Nc8 25. c6 bxc6 26. Nxc6 Qf6 27. Ndb4 Nb6 28. f4 exf4
29. Rxf4 Qxb2 30. Rf2 Qxc2 31. Nxc2 Nc4 32. Bd4 Nxd4 33. N6xd4 Re5 34. exf5
gxf5 35. Bf1 Ne3 36. Nxe3 Rxe3 37. Nxf5 Rf8 38. g4 Be5+ 39. Kg1 Rxa3 40. Rc2
Rc3 0-1

[Event "Titled Tuesday 2021.11.23"]
[Site "chess.com INT"]
[Date "2021.11.23"]
[Round "11"]
[White "Lavrov, Ma1"]
[Black "Hambleton, Aman"]
[Result "1-0"]
[WhiteElo "2398"]
[BlackElo "2454"]
[PlyCount "57"]
[EventDate "2021.11.23"]
[EventType "swiss (blitz)"]
[EventRounds "11"]
[EventCountry "NET"]
[Source "Mark Crowther"]
[SourceDate "2021.11.29"]

1. Nf3 d5 2. g3 c6 3. Bg2 Nf6 4. b3 Bf5 5. Bb2 e6 6. O-O h6 7. d3 Be7 8. Nbd2
O-O 9. e4 dxe4 10. Nd4 exd3 11. Nxf5 exf5 12. cxd3 Qxd3 13. Nc4 Qxd1 14. Raxd1
Nbd7 15. Rfe1 Bc5 16. a3 a5 17. Bc3 Nb6 18. Nxa5 Nbd5 19. Bd2 Bxa3 20. Nxb7 Ra6
21. Na5 Bb4 22. Bxb4 Nxb4 23. Nc4 Nbd5 24. Rc1 g6 25. Ne5 Rb8 26. Nxc6 Rxb3 27.
Rc5 Rd3 28. Bxd5 Rxd5 29. Ne7+ 1-0

[Event "Titled Tuesday 2021.10.26"]
[Site "chess.com INT"]
[Date "2021.10.26"]
[Round "1"]
[White "Hambleton, Aman"]
[Black "Okike, D."]
[Result "0-1"]
[WhiteElo "2454"]
[BlackElo "2177"]
[PlyCount "90"]
[EventDate "2021.10.26"]
[EventType "swiss (blitz)"]
[EventRounds "11"]
[EventCountry "NET"]
[Source "Mark Crowther"]
[SourceDate "2021.11.01"]

1. d4 Nf6 2. c4 e6 3. Nc3 Bb4 4. Qc2 d5 5. a3 Bxc3+ 6. Qxc3 O-O 7. Bg5 Nbd7 8.
cxd5 exd5 9. e3 a5 10. Bd3 c6 11. Ne2 Re8 12. h3 Qb6 13. Qc2 h6 14. Bf4 c5 15.
O-O c4 16. Bf5 Nf8 17. Bxc8 Raxc8 18. Nc3 Qc6 19. a4 Ne4 20. Nb5 Rcd8 21. Rac1
b6 22. Rfd1 Qf6 23. Be5 Qg6 24. f3 Ng5 25. Qxg6 Nxg6 26. Bc7 Rd7 27. Kf2 Re6
28. Bh2 f5 29. Rc3 Rf6 30. Be5 Re6 31. Bh2 Rf6 32. Be5 Rf8 33. b3 cxb3 34. Rxb3
Nxe5 35. dxe5 Ne6 36. Rbd3 Rfd8 37. f4 Nc5 38. Rd4 Nb3 39. R4d3 Nc5 40. Rd4 Ne6
41. R4d2 Nc5 42. Nd6 Nxa4 43. Kf3 Nc3 44. Rc1 Ne4 45. Rxd5 Kf8 0-1